Biblioteca

Formación técnica profesional y tecnológica : Una opción de calidad para la sociedad del conocimiento (Registro nro. 61179)

Detalles MARC
000 -LÍDER
Campo fijo de descripción fija 007350000a22001210004500
100 1# - ASIENTO PRINCIPAL--NOMBRE PERSONAL
Nombre personal Vélez White, Cecilia María
245 10 - TÍTULO
Título del Material Formación técnica profesional y tecnológica : Una opción de calidad para la sociedad del conocimiento
300 ## - DESCRIPCIÓN FÍSICA
Extensión Vol.0, núm.3 (Octubre-diciembre, 2004) Página 18
500 ## - NOTA GENERAL
Nota General Ministra de Educación
773 0# - HOST ITEM ENTRY
Title Educación superior : Boletín informativo
942 ## - TIPO DE MATERIAL (KOHA)
Tipo de Item KOHA Artículos de Revista
Existencias
Estado de Material Estado de Perdido Estado de Dañado No para Préstamo Colección Biblioteca de Origen Biblioteca Permanente Fecha de Adquisición Total de Préstamos Signatura Topográfica Última vez visto Fecha de Remplazo Tipo de Material
        Colección de Hemeroteca Biblioteca FUSBC Biblioteca FUSBC 26/01/2016   26/01/2016 26/01/2016 Artículos de Revista

Biblioteca FUSBC | Teléfono: (57+4) 349 88 10 Ext. 141| WhatsApp (+57) 3005338115 
E-mail: biblioteca@unisbc.edu.co | Calle 76 87-14 Robledo Palenque, Medellín, Colombia

Con tecnología Koha